Memòries d'un president a l'exili / Josep Irla i Bosch ; a cura de Jordi Gaitx Moltó ; pròleg de Josep Maria Roig Rosich
ISBN:
978-84-8330-584-3
Descripción Física:
237 p. : il. ; 22 cm
Colección:
La Memòria dels dies ; 3
MARC
| LEADER | 00000nam a2200000Ia 4500 | ||
|---|---|---|---|
| 001 | 22947 | ||
| 008 | 160829s2010 xx 000 0 cat d | ||
| 020 | |a 978-84-8330-584-3 | ||
| 080 | |a H-3-117 | ||
| 100 | |a Irla, Josep, |d 1876-1958 |9 2428 | ||
| 245 | |a Memòries d'un president a l'exili / Josep Irla i Bosch ; a cura de Jordi Gaitx Moltó ; pròleg de Josep Maria Roig Rosich | ||
| 260 | |a Barcelona : |b Viena, |c 2010 | ||
| 300 | |a 237 p. : |b il. ; |c 22 cm | ||
| 490 | |a La Memòria dels dies ; 3 | ||
| 590 | |a Bibliografia | ||
| 600 | 0 | |a Irla, Josep, |d 1876-1958 |9 2428 | |
| 610 | 1 | 0 | |a Catalunya. |b Generalitat |9 12125 |
| 650 | |a Irla, Josep |x Exili |9 43931 | ||
| 650 | 0 | |a Presidents |z Catalunya |x Biografia |9 43932 | |
| 650 | |a Governs a l'exili |9 43933 | ||
| 650 | |a Catalunya |x Política i govern |x 1940-1954 |9 43934 | ||
| 700 | |a Gaitx Moltó, Jordi |9 44868 | ||
| 700 | |a Roig i Rosich, Josep M., pr. |9 43936 | ||
| 901 | |a Arxiu | ||
| 942 | |n 1 | ||
| 952 | |0 0 |1 0 |4 0 |6 H3117 |7 1 |9 51691 |a Arxiu |b Arxiu |d 2016-12-01 |l 0 |o H-3-117 |p 22947 |r 2016-12-01 00:00:00 |w 2016-12-01 |y ARXIU | ||
| 999 | |c 55536 |d 55536 | ||